000 00449cam a2200169ua 4500
020 _c1.00
041 _amal
_h
082 _a894.8124
_bGOV/VI
100 _aGovinda Ganakan, Koduppunna .
245 _aVicharasaili /
_cKoduppunna Govinda Ganakan.
_hTextual Documents
260 _aKottayam :
_bSahitya Pravarthaka Co-operative Society ,
_c1959.
300 _a78 ; .
365 _a1.00
504 _a
942 _cBK
999 _c1160
_d1160